000 00283nam a22001337a 4500
008 180221b xxu||||| |||| 00| 0 eng d
020 _a9781880463420
041 _aeng
080 _a37
100 _a48
101 _aEDU
245 _aBUILDING DREAMS
_cMYCHAL W
942 _2udc
_cBK
999 _c43031
_d43031